Curso de economía moderna : (Registro nro. 5825)

Detalles MARC
000 -LEADER
fixed length control field 01124nam a2200241Ia 4500
003 - CONTROL NUMBER IDENTIFIER
control field OSt
005 - DATE AND TIME OF LATEST TRANSACTION
control field 20201207160200.0
008 - FIXED-LENGTH DATA ELEMENTS--GENERAL INFORMATION
fixed length control field 191128s1961 spa 000 0 spa d
040 ## - CATALOGING SOURCE
Original cataloging agency CO-JMCR
Transcribing agency CO-JMCR
041 1# - LANGUAGE CODE
Language code of text/sound track or separate title spa
Language code of original eng
082 04 - DEWEY DECIMAL CLASSIFICATION NUMBER
Classification number 330 /
Item number S187c
Edition number 23
100 1# - MAIN ENTRY--PERSONAL NAME
Personal name Samuelson, Paul A.,
Relator term autor
9 (RLIN) 1065
245 10 - TITLE STATEMENT
Title Curso de economía moderna :
Remainder of title una descripción analítica de la realidad económica /
Statement of responsibility, etc. Paul A. Samuelson ; traducción del inglés y nota preliminar por José Luis Sampedro
250 ## - EDITION STATEMENT
Edition statement Novena edición
260 ## - PUBLICATION, DISTRIBUTION, ETC.
Place of publication, distribution, etc. Madrid :
Name of publisher, distributor, etc. Aguilar,
Date of publication, distribution, etc. 1961
300 ## - PHYSICAL DESCRIPTION
Extent xxix, 884 páginas :
Other physical details ilustraciones a blanco y negro ;
Dimensions 20 cm.
505 0# - FORMATTED CONTENTS NOTE
Formatted contents note Conceptos básicos de economía y de la renta nacional -- La renta nacional: su determinación y sus fluctuaciones -- Formación de los precios del producto nacional y composición de este producto -- Las finanzas y el comercio internacionales.
534 ## - ORIGINAL VERSION NOTE
Introductory phrase Economics. An introductory analysis
546 ## - LANGUAGE NOTE
Language note Traducido del inglés
650 14 - SUBJECT ADDED ENTRY--TOPICAL TERM
Topical term or geographic name entry element Economía
General subdivision teoría económica
9 (RLIN) 4713
700 1# - ADDED ENTRY--PERSONAL NAME
Personal name Sampedro, José Luis,
Relator term traductor
9 (RLIN) 4714
942 ## - ADDED ENTRY ELEMENTS (KOHA)
Source of classification or shelving scheme Dewey Decimal Classification
Koha item type Books
Existencias
Withdrawn status Lost status Source of classification or shelving scheme Damaged status Not for loan Collection code Home library Current library Date acquired Source of acquisition Cost, normal purchase price Full call number Barcode Date last seen Copy number Koha item type
    Dewey Decimal Classification     Non-fiction Biblioteca Pública José María del Castillo y Rada Biblioteca Pública José María del Castillo y Rada 04/15/2018 Donación 0.00 330 / S187c 430005027 05/16/2024 Ej.1 Books